[Event "Phillips & Drew GLC Knights"]
[Site "London, County Hall"]
[Date "1982.04.28"]
[Round "13"]
[White "Flear, Glenn C"]
[Black "Nicholson, John Graham"]
[Result "1/2-1/2"]
[WhiteElo "2390"]
[BlackElo "2300"]
[PlyCount "74"]
[EventDate "1982.04.15"]
[EventType "tourn"]
[EventRounds "15"]
[EventCountry "ENG"]
[SourceTitle "BritBase"]
[Source "John Saunders"]
[SourceDate "2023.10.13"]
[SourceVersion "1"]
[SourceVersionDate "2023.10.13"]
[SourceQuality "1"]

1. d4 Nf6 2. c4 e6 3. Nc3 Bb4 4. e3 b6 5. Nge2 Ba6 6. a3 Be7 7. Nf4 d5 8. cxd5
Bxf1 9. Kxf1 exd5 10. g4 g5 11. Nh5 Nxh5 12. gxh5 c6 13. Qf3 Na6 14. Rg1 Nc7
15. e4 h6 16. h4 Qd7 17. hxg5 hxg5 18. Bxg5 O-O-O 19. exd5 cxd5 20. Re1 Bxg5
21. Rxg5 Qc6 22. Re7 Ne6 23. Rxd5 Rxd5 24. Qxd5 Qxd5 25. Nxd5 Rxh5 26. Nf6 Rf5
27. Rxf7 Nxd4 28. Ne8 Rxf7 29. Nd6+ Kd7 30. Nxf7 Ke6 31. Nh6 Kd5 32. Ke1 Kc4
33. Kd2 Kb3 34. Kc1 Ne2+ 35. Kd2 Nf4 36. Nf5 Kxb2 37. Nd6 Kxa3 1/2-1/2

[Event "Phillips & Drew GLC Knights"]
[Site "London, County Hall"]
[Date "1982.04.28"]
[Round "13"]
[White "Formanek, Edward W"]
[Black "Hartoch, Robert G"]
[Result "1/2-1/2"]
[WhiteElo "2330"]
[BlackElo "2390"]
[PlyCount "80"]
[EventDate "1982.04.15"]
[EventType "tourn"]
[EventRounds "15"]
[EventCountry "ENG"]
[SourceTitle "BritBase"]
[Source "John Saunders"]
[SourceDate "2023.10.13"]
[SourceVersion "1"]
[SourceVersionDate "2023.10.13"]
[SourceQuality "1"]

1. e4 g6 2. d4 Bg7 3. Nc3 d6 4. f4 Nc6 5. d5 Nd4 6. Nb1 c6 7. c3 Nb5 8. Nf3 Nc7
9. c4 f5 10. exf5 Bxf5 11. Bd3 Qd7 12. dxc6 bxc6 13. O-O Nh6 14. Nc3 O-O 15.
Qc2 Ne6 16. Bxf5 Nxf5 17. Bd2 Nfd4 18. Nxd4 Nxd4 19. Qd3 Rab8 20. b3 Qf5 21.
Qxf5 gxf5 22. Rac1 c5 23. Rfe1 Kf7 24. Kf2 a6 25. Be3 Rb7 26. Red1 Rg8 27. Rd3
h5 28. Bd2 h4 29. Rh3 Rh8 30. Kf1 e6 31. Be1 Bf6 32. Rd1 Rbb8 33. Rd2 Rbg8 34.
Nd1 e5 35. Rf2 exf4 36. Rxf4 Rg4 37. Bd2 Bg5 38. Rf2 Bxd2 39. Rxd2 Rhg8 40. Rf2
Re8 1/2-1/2

[Event "Phillips & Drew GLC Knights"]
[Site "London, County Hall"]
[Date "1982.04.28"]
[Round "13"]
[White "King, Daniel John"]
[Black "Watson, William Nicholas"]
[Result "1/2-1/2"]
[WhiteElo "2365"]
[BlackElo "2330"]
[PlyCount "71"]
[EventDate "1982.04.15"]
[EventType "tourn"]
[EventRounds "15"]
[EventCountry "ENG"]
[SourceTitle "BritBase"]
[Source "John Saunders"]
[SourceDate "2023.10.13"]
[SourceVersion "1"]
[SourceVersionDate "2023.10.13"]
[SourceQuality "1"]

1. e4 c5 2. Nf3 d6 3. Bb5+ Bd7 4. Bxd7+ Qxd7 5. c4 Nc6 6. d4 cxd4 7. Nxd4 Nf6
8. Nc3 e6 9. O-O Be7 10. Be3 O-O 11. Qe2 d5 12. Nxc6 bxc6 13. Rad1 Qb7 14. cxd5
exd5 15. exd5 Nxd5 16. Nxd5 cxd5 17. Bd4 Rfe8 18. Rfe1 Qc6 19. Qd3 Bf8 20. Rxe8
Rxe8 21. h3 g6 22. Bc3 Bg7 23. Bxg7 Kxg7 24. Qd4+ Qf6 25. Kf1 Rd8 26. Qxf6+
Kxf6 27. Rc1 Rb8 28. b3 Rb7 29. Ke2 Ke5 30. Kd3 a5 31. Rc8 a4 32. Kc3 axb3 33.
axb3 Ra7 34. Re8+ Kd6 35. Re2 Rc7+ 36. Kd4 1/2-1/2

[Event "Phillips & Drew GLC Knights"]
[Site "London, County Hall"]
[Date "1982.04.28"]
[Round "13"]
[White "Kopec, Danny"]
[Black "Fedorowicz, John P"]
[Result "1-0"]
[WhiteElo "2375"]
[BlackElo "2455"]
[PlyCount "63"]
[EventDate "1982.04.15"]
[EventType "tourn"]
[EventRounds "15"]
[EventCountry "ENG"]
[SourceTitle "BritBase"]
[Source "John Saunders"]
[SourceDate "2023.10.13"]
[SourceVersion "1"]
[SourceVersionDate "2023.10.13"]
[SourceQuality "1"]

1. e4 c5 2. f4 e6 3. Nf3 a6 4. Nc3 b5 5. d4 cxd4 6. Nxd4 Ne7 7. Bd3 Nec6 8. Nf3
d6 9. O-O Be7 10. b3 O-O 11. Bb2 Nd7 12. Qe1 Na5 13. Qg3 Bf6 14. Rad1 b4 15. e5
bxc3 16. exf6 Qxf6 17. Bxc3 Qxc3 18. Bxh7+ Kh8 19. Qh3 g6 20. Bxg6+ Kg7 21.
Qh7+ Kf6 22. Ne5 Bb7 23. Qh4+ Kg7 24. Qh7+ Kf6 25. Bxf7 Qe3+ 26. Kh1 Rh8 27.
Ng4+ Ke7 28. Qg7 Qe2 29. Bh5+ Kd8 30. Qxh8+ Kc7 31. Qh7 Kb6 32. Ne5 1-0

[Event "Phillips & Drew GLC Knights"]
[Site "London, County Hall"]
[Date "1982.04.28"]
[Round "13"]
[White "McNab, Colin Anderson"]
[Black "Conquest, Stuart C"]
[Result "1-0"]
[WhiteElo "2340"]
[BlackElo "2315"]
[PlyCount "47"]
[EventDate "1982.04.15"]
[EventType "tourn"]
[EventRounds "15"]
[EventCountry "ENG"]
[SourceTitle "BritBase"]
[Source "John Saunders"]
[SourceDate "2023.10.13"]
[SourceVersion "1"]
[SourceVersionDate "2023.10.13"]
[SourceQuality "1"]

1. Nf3 e6 2. g3 b6 3. Bg2 Bb7 4. O-O Be7 5. c4 Nf6 6. b3 O-O 7. Bb2 d5 8. d3 c5
9. e3 Nc6 10. Qe2 Qc7 11. Rd1 Rfd8 12. Nc3 Rac8 13. Rac1 Qb8 14. cxd5 exd5 15.
Bh3 Re8 16. Bxc8 Bxc8 17. d4 Bg4 18. h3 Bxh3 19. dxc5 d4 20. Nxd4 Nxd4 21. Rxd4
Bxc5 22. Rf4 Bd6 23. Rxf6 gxf6 24. Qh5 1-0

[Event "Phillips & Drew GLC Knights"]
[Site "London, County Hall"]
[Date "1982.04.28"]
[Round "13"]
[White "Rumens, David E"]
[Black "Britton, Richard L"]
[Result "0-1"]
[WhiteElo "2320"]
[BlackElo "2285"]
[PlyCount "82"]
[EventDate "1982.04.15"]
[EventType "tourn"]
[EventRounds "15"]
[EventCountry "ENG"]
[SourceTitle "BritBase"]
[Source "John Saunders"]
[SourceDate "2023.10.13"]
[SourceVersion "1"]
[SourceVersionDate "2023.10.13"]
[SourceQuality "1"]

1. e4 c5 2. f4 Nf6 3. d3 e6 4. Nd2 d5 5. Ngf3 Nc6 6. g3 b6 7. Bg2 Bb7 8. O-O
Qc7 9. f5 dxe4 10. Nxe4 O-O-O 11. Bg5 Be7 12. Bxf6 gxf6 13. Nh4 Qe5 14. b3 Nd4
15. Nf3 Qc7 16. Nxd4 Rxd4 17. Qh5 Rf8 18. Rae1 Kb8 19. Qh6 Qd8 20. Re2 Bc8 21.
Qf4+ Qc7 22. Qf3 Bb7 23. Qh5 Qd8 24. Nc3 Bxg2 25. Kxg2 Bd6 26. fxe6 Be5 27. e7
Qxe7 28. Ne4 Qb7 29. Qf3 Rd5 30. Qg4 Rfd8 31. Ref2 h5 32. Qh4 b5 33. Rf3 Rd4
34. Qxh5 c4 35. Kh3 cxd3 36. cxd3 R4d5 37. Rf5 Qc8 38. Kg2 Rxd3 39. Nxf6 Rd2+
40. R1f2 Qc6+ 41. Kh3 Rxf2 0-1

[Event "Phillips & Drew GLC Knights"]
[Site "London, County Hall"]
[Date "1982.04.28"]
[Round "13"]
[White "Sowray, Peter John"]
[Black "Cox, John J"]
[Result "1-0"]
[WhiteElo "2270"]
[BlackElo "2285"]
[PlyCount "45"]
[EventDate "1982.04.15"]
[EventType "tourn"]
[EventRounds "15"]
[EventCountry "ENG"]
[SourceTitle "BritBase"]
[Source "John Saunders"]
[SourceDate "2023.10.13"]
[SourceVersion "1"]
[SourceVersionDate "2023.10.13"]
[SourceQuality "1"]

1. d4 e6 2. c4 Nf6 3. Nc3 Bb4 4. e3 c5 5. Bd3 O-O 6. Nge2 d5 7. O-O Nc6 8. cxd5
exd5 9. a3 cxd4 10. Nb5 Ba5 11. Nbxd4 Bg4 12. Nxc6 bxc6 13. Qc2 Rc8 14. b4 Bc7
15. Bb2 h6 16. Ng3 Qd6 17. Bd4 Rfe8 18. Bxa7 h5 19. Bc5 Qe5 20. f4 Qe6 21. h3
h4 22. hxg4 Qxg4 23. Bf5 1-0

[Event "Phillips & Drew GLC Knights"]
[Site "London, County Hall"]
[Date "1982.04.29"]
[Round "14"]
[White "Britton, Richard L"]
[Black "McNab, Colin Anderson"]
[Result "1-0"]
[WhiteElo "2285"]
[BlackElo "2340"]
[PlyCount "165"]
[EventDate "1982.04.15"]
[EventType "tourn"]
[EventRounds "15"]
[EventCountry "ENG"]
[SourceTitle "BritBase"]
[Source "John Saunders"]
[SourceDate "2023.10.13"]
[SourceVersion "1"]
[SourceVersionDate "2023.10.13"]
[SourceQuality "1"]

1. e4 g6 2. d4 d6 3. Nc3 Bg7 4. Nf3 Nf6 5. Be2 O-O 6. O-O Bg4 7. Be3 Nc6 8. Qd2
e5 9. dxe5 Nxe5 10. Nxe5 dxe5 11. Bc4 Qe7 12. f3 Rfd8 13. Qe2 Be6 14. Bxe6 Qxe6
15. Qb5 c6 16. Qxb7 Rdb8 17. Qa6 Rxb2 18. Rab1 Rxb1 19. Rxb1 Bf8 20. Qb7 Qc8
21. Qxc8 Rxc8 22. Bxa7 Ra8 23. Be3 Nd7 24. a4 Kg7 25. Kf1 Ra6 26. Ke2 Nc5 27.
Bxc5 Bxc5 28. Kd3 Ra5 29. Rb2 h5 30. Ra2 Kf6 31. Nb1 Bg1 32. h3 Kg5 33. Nd2 Kf4
34. Ra1 Bf2 35. Nf1 h4 36. c3 Ra8 37. Ke2 Bb6 38. Ra2 Ba5 39. Rc2 Bc7 40. Rb2
Rxa4 41. Rb7 Ra2+ 42. Kd3 Bd6 43. Rxf7+ Kg5 44. Nd2 Bb8 45. Rf8 Ba7 46. f4+
exf4 47. Nf3+ Kh6 48. Rxf4 Rxg2 49. Rxh4+ Kg7 50. Rg4 Rf2 51. Nh4 Rh2 52. Rxg6+
Kh7 53. Kc4 Rxh3 54. Rxc6 Bb8 55. Ng6 Rg3 56. Rb6 Ba7 57. Rb7+ Kxg6 58. Rxa7
Kf6 59. Kd4 Rg1 60. Ra6+ Ke7 61. c4 Kd7 62. Rh6 Rd1+ 63. Kc5 Re1 64. Rd6+ Kc7
65. Rd4 Rc1 66. e5 Re1 67. Kd5 Kd7 68. Re4 Rd1+ 69. Kc5 Kc7 70. e6 Rd8 71. Rg4
Rh8 72. Rg7+ Kc8 73. Kc6 Kd8 74. Kd6 Kc8 75. c5 Rd8+ 76. Rd7 Rh8 77. Rc7+ Kb8
78. Rf7 Kc8 79. c6 Rd8+ 80. Rd7 Rh8 81. c7 Rg8 82. Rh7 Re8 83. Rh5 1-0

[Event "Phillips & Drew GLC Knights"]
[Site "London, County Hall"]
[Date "1982.04.29"]
[Round "14"]
[White "Conquest, Stuart C"]
[Black "Sowray, Peter John"]
[Result "1-0"]
[WhiteElo "2315"]
[BlackElo "2270"]
[PlyCount "117"]
[EventDate "1982.04.15"]
[EventType "tourn"]
[EventRounds "15"]
[EventCountry "ENG"]
[SourceTitle "BritBase"]
[Source "John Saunders"]
[SourceDate "2023.10.13"]
[SourceVersion "1"]
[SourceVersionDate "2023.10.13"]
[SourceQuality "1"]

1. d4 f5 2. Nc3 d5 3. Bg5 Nf6 4. Bxf6 exf6 5. e3 c6 6. Bd3 Qb6 7. Rb1 Na6 8.
Qf3 g6 9. a3 Bd7 10. Nge2 Nc7 11. h4 Ne6 12. b4 a6 13. g3 Bd6 14. Kd2 Kf7 15.
Nf4 Ng7 16. h5 Bxf4 17. hxg6+ hxg6 18. gxf4 Rag8 19. Rxh8 Rxh8 20. a4 Be6 21.
a5 Qc7 22. Na4 Ne8 23. Nc5 Nd6 24. Qg3 Rh6 25. Rg1 Ne4+ 26. Bxe4 dxe4 27. Nxe6
Kxe6 28. c4 c5 29. Kc3 b6 30. axb6 cxb4+ 31. Kb3 Qxb6 32. Ra1 Kf7 33. Qg1 Rh3
34. Qd1 g5 35. fxg5 fxg5 36. Kb2 Rf3 37. Qe2 Qh6 38. Kb3 Qd6 39. Qd2 f4 40. c5
fxe3 41. fxe3 Qd5+ 42. Kxb4 Qb7+ 43. Kc4 Qb5+ 44. Kd5 Qd7+ 45. Kc4 Qb5+ 46. Kd5
Qb7+ 47. Kc4 Rf5 48. Qa5 Rf2 49. Qb6 Rc2+ 50. Kb3 Qxb6+ 51. cxb6 Rc8 52. Rxa6
g4 53. Kb4 g3 54. Ra2 Ke6 55. Rg2 Rc6 56. Kb5 Kd5 57. b7 Rc1 58. Rb2 g2 59.
b8=Q 1-0

[Event "Phillips & Drew GLC Knights"]
[Site "London, County Hall"]
[Date "1982.04.29"]
[Round "14"]
[White "Cox, John J"]
[Black "Flear, Glenn C"]
[Result "0-1"]
[WhiteElo "2285"]
[BlackElo "2390"]
[PlyCount "46"]
[EventDate "1982.04.15"]
[EventType "tourn"]
[EventRounds "15"]
[EventCountry "ENG"]
[SourceTitle "BritBase"]
[Source "John Saunders"]
[SourceDate "2023.10.13"]
[SourceVersion "1"]
[SourceVersionDate "2023.10.13"]
[SourceQuality "1"]

1. c4 e6 2. Nf3 d5 3. b3 Nf6 4. g3 Be7 5. Bg2 O-O 6. O-O c5 7. Bb2 Nc6 8. e3 b6
9. Qe2 Bb7 10. Rd1 dxc4 11. bxc4 Qc7 12. Nc3 Rad8 13. Rab1 Qb8 14. Ba1 Rd7 15.
Ng5 h6 16. Nf3 Rfd8 17. Ne1 Ne8 18. f4 Bf6 19. a3 Nd6 20. Nf3 Qa8 21. g4 Ne7
22. d3 Ng6 23. Rd2 Nxc4 0-1

[Event "Phillips & Drew GLC Knights"]
[Site "London, County Hall"]
[Date "1982.04.29"]
[Round "14"]
[White "Fedorowicz, John P"]
[Black "Rumens, David E"]
[Result "1-0"]
[WhiteElo "2455"]
[BlackElo "2320"]
[PlyCount "61"]
[EventDate "1982.04.15"]
[EventType "tourn"]
[EventRounds "15"]
[EventCountry "ENG"]
[SourceTitle "BritBase"]
[Source "John Saunders"]
[SourceDate "2023.10.13"]
[SourceVersion "1"]
[SourceVersionDate "2023.10.13"]
[SourceQuality "1"]

1. d4 f5 2. Nc3 d5 3. Bf4 Nf6 4. e3 e6 5. Bd3 Be7 6. Nf3 O-O 7. O-O Bd7 8. Ne2
Nc6 9. a3 Nh5 10. c4 g5 11. cxd5 exd5 12. Be5 g4 13. Ne1 Nxe5 14. dxe5 c5 15.
Rc1 Be6 16. Bb1 f4 17. exf4 Nxf4 18. Nxf4 Rxf4 19. g3 Rf7 20. Nd3 Qb6 21. Nf4
Bg5 22. Nxe6 Bxc1 23. Qxg4+ Kh8 24. Rxc1 Qxb2 25. Rf1 Qxe5 26. Nxc5 Rg8 27. Nd3
Qd6 28. Qd4+ Rgg7 29. a4 b5 30. Re1 Qd8 31. Re5 1-0

[Event "Phillips & Drew GLC Knights"]
[Site "London, County Hall"]
[Date "1982.04.29"]
[Round "14"]
[White "Franklin, Michael J"]
[Black "Watson, William Nicholas"]
[Result "1/2-1/2"]
[WhiteElo "2315"]
[BlackElo "2330"]
[PlyCount "36"]
[EventDate "1982.04.15"]
[EventType "tourn"]
[EventRounds "15"]
[EventCountry "ENG"]
[SourceTitle "BritBase"]
[Source "John Saunders"]
[SourceDate "2023.10.13"]
[SourceVersion "1"]
[SourceVersionDate "2023.10.13"]
[SourceQuality "1"]

1. d4 Nf6 2. Nf3 g6 3. Bf4 Bg7 4. e3 d6 5. h3 O-O 6. Bc4 c5 7. O-O Nc6 8. c3 a6
9. a4 cxd4 10. exd4 Rb8 11. Na3 Na5 12. Ba2 b5 13. axb5 axb5 14. Nc2 Nc4 15.
Qc1 Bb7 16. Nd2 Nxd2 17. Qxd2 Qd7 18. Nb4 Qf5 1/2-1/2

[Event "Phillips & Drew GLC Knights"]
[Site "London, County Hall"]
[Date "1982.04.29"]
[Round "14"]
[White "Hartoch, Robert G"]
[Black "Kopec, Danny"]
[Result "1-0"]
[WhiteElo "2390"]
[BlackElo "2375"]
[PlyCount "91"]
[EventDate "1982.04.15"]
[EventType "tourn"]
[EventRounds "15"]
[EventCountry "ENG"]
[SourceTitle "BritBase"]
[Source "John Saunders"]
[SourceDate "2023.10.13"]
[SourceVersion "1"]
[SourceVersionDate "2023.10.13"]
[SourceQuality "1"]

1. d4 Nf6 2. Nf3 b6 3. g3 Bb7 4. Bg2 e6 5. O-O c5 6. c4 cxd4 7. Qxd4 d6 8. Nc3
Be7 9. b3 O-O 10. Bb2 Nbd7 11. Ng5 Bxg2 12. Kxg2 Qc7 13. f3 Rfd8 14. Rfd1 a6
15. Rd2 Qb7 16. Nge4 Ne8 17. Qd3 Rac8 18. e3 f5 19. Nf2 Nef6 20. Qe2 Ne5 21. e4
Re8 22. Rad1 Bf8 23. f4 Neg4 24. Nxg4 Nxg4 25. Qf3 b5 26. h3 b4 27. hxg4 bxc3
28. Qxc3 fxe4 29. Kh2 Qf7 30. Qe3 Qg6 31. Re2 h5 32. Qxe4 Qxg4 33. Kg2 Rcd8 34.
Qf3 Qg6 35. Rh1 d5 36. Qxh5 Qxh5 37. Rxh5 dxc4 38. bxc4 Rc8 39. Ra5 Rc6 40. Kf3
Bc5 41. Be5 Rd8 42. Rb2 Rd3+ 43. Kg4 Bf8 44. Rb7 g5 45. Bf6 e5 46. Bxe5 1-0

[Event "Phillips & Drew GLC Knights"]
[Site "London, County Hall"]
[Date "1982.04.29"]
[Round "14"]
[White "Nicholson, John Graham"]
[Black "King, Daniel John"]
[Result "1/2-1/2"]
[WhiteElo "2300"]
[BlackElo "2365"]
[PlyCount "36"]
[EventDate "1982.04.15"]
[EventType "tourn"]
[EventRounds "15"]
[EventCountry "ENG"]
[SourceTitle "BritBase"]
[Source "John Saunders"]
[SourceDate "2023.10.13"]
[SourceVersion "1"]
[SourceVersionDate "2023.10.13"]
[SourceQuality "1"]

1. d4 Nf6 2. c4 e6 3. Nf3 Bb4+ 4. Nbd2 d6 5. e3 Qe7 6. Bd3 O-O 7. O-O Bxd2 8.
Nxd2 e5 9. b3 Re8 10. Bb2 Nbd7 11. Rc1 b6 12. Ne4 Bb7 13. Qc2 Nxe4 14. Bxe4
Bxe4 15. Qxe4 Nf6 16. Qc6 Qd7 17. Qxd7 Nxd7 18. dxe5 Nxe5 1/2-1/2

[Event "Phillips & Drew GLC Knights"]
[Site "London, County Hall"]
[Date "1982.04.29"]
[Round "14"]
[White "Norris, Alan J"]
[Black "Formanek, Edward W"]
[Result "1/2-1/2"]
[WhiteElo "2265"]
[BlackElo "2330"]
[PlyCount "102"]
[EventDate "1982.04.15"]
[EventType "tourn"]
[EventRounds "15"]
[EventCountry "ENG"]
[SourceTitle "BritBase"]
[Source "John Saunders"]
[SourceDate "2023.10.13"]
[SourceVersion "1"]
[SourceVersionDate "2023.10.13"]
[SourceQuality "1"]

1. e4 e5 2. Nf3 Nc6 3. d4 exd4 4. c3 dxc3 5. Bc4 Nf6 6. Nxc3 Bb4 7. e5 d5 8.
exf6 dxc4 9. Qxd8+ Nxd8 10. fxg7 Rg8 11. Bh6 Ne6 12. O-O-O Bxc3 13. bxc3 Nxg7
14. Rhe1+ Ne6 15. Bf4 Rxg2 16. Bg3 Bd7 17. Nh4 Rxg3 18. fxg3 Bc6 19. Nf5 Kf8
20. Nd4 Bd5 21. Nxe6+ Bxe6 22. Re5 c6 23. Rd4 b5 24. Rd6 Bd5 25. Rd7 a5 26. a3
b4 27. cxb4 axb4 28. axb4 Rb8 29. Ree7 Rxb4 30. Rb7 c5 31. Ra7 c3 32. Re3 Rc4
33. Ra3 c2 34. Rac3 Rxc3 35. Rxc3 Be4 36. Rxc5 Kg7 37. Re5 Bg6 38. h4 Kf6 39.
Rc5 h5 40. Kd2 Ke6 41. Rg5 Kf6 42. Kc1 Kg7 43. Kd2 Kf6 44. g4 hxg4 45. Rxg4 Kf5
46. Rg1 Ke6 47. Rh1 Be4 48. Re1 f5 49. h5 Kf6 50. Rg1 f4 51. h6 Bh7 1/2-1/2

[Event "Phillips & Drew GLC Knights"]
[Site "London, County Hall"]
[Date "1982.04.30"]
[Round "15"]
[White "Flear, Glenn C"]
[Black "Conquest, Stuart C"]
[Result "1-0"]
[WhiteElo "2390"]
[BlackElo "2315"]
[PlyCount "101"]
[EventDate "1982.04.15"]
[EventType "tourn"]
[EventRounds "15"]
[EventCountry "ENG"]
[SourceTitle "BritBase"]
[Source "John Saunders"]
[SourceDate "2023.10.13"]
[SourceVersion "1"]
[SourceVersionDate "2023.10.13"]
[SourceQuality "1"]

1. Nf3 d5 2. c4 e6 3. b3 c5 4. Bb2 Nc6 5. g3 Nf6 6. Bg2 Be7 7. O-O O-O 8. e3 d4
9. exd4 cxd4 10. d3 e5 11. Re1 Nd7 12. Na3 f6 13. Nc2 a5 14. Rb1 Nc5 15. Ba3
Bg4 16. h3 Bh5 17. Qd2 Qd7 18. Bxc5 Bxc5 19. a3 Bd6 20. Kh2 Rae8 21. b4 axb4
22. axb4 f5 23. b5 Nd8 24. Nb4 Bxf3 25. Bxf3 Ne6 26. Bd5 Kh8 27. Bxe6 Rxe6 28.
f3 Rfe8 29. Nd5 e4 30. dxe4 fxe4 31. Rxe4 Rxe4 32. fxe4 Rxe4 33. Re1 Qe8 34.
Rxe4 Qxe4 35. Qg2 Qd3 36. Nf4 Qxc4 37. Qxb7 Qc2+ 38. Qg2 Qxg2+ 39. Kxg2 g5 40.
Nd3 Bc7 41. Kf3 Kg7 42. g4 Kf6 43. Ke4 Ke6 44. Kxd4 Bb6+ 45. Ke4 Bg1 46. Ne5
Bb6 47. Nf3 Bd8 48. Nd4+ Kd6 49. Kf5 Bb6 50. Ne6 h6 51. Ng7 1-0

[Event "Phillips & Drew GLC Knights"]
[Site "London, County Hall"]
[Date "1982.04.30"]
[Round "15"]
[White "King, Daniel John"]
[Black "Cox, John J"]
[Result "1-0"]
[WhiteElo "2365"]
[BlackElo "2285"]
[PlyCount "89"]
[EventDate "1982.04.15"]
[EventType "tourn"]
[EventRounds "15"]
[EventCountry "ENG"]
[SourceTitle "BritBase"]
[Source "John Saunders"]
[SourceDate "2023.10.13"]
[SourceVersion "1"]
[SourceVersionDate "2023.10.13"]
[SourceQuality "1"]

1. e4 e5 2. Nf3 Nc6 3. Bb5 Nf6 4. O-O Nxe4 5. d4 Nd6 6. Bxc6 dxc6 7. dxe5 Nf5
8. Qe2 Nd4 9. Nxd4 Qxd4 10. Nc3 Bg4 11. Qe1 Bb4 12. Kh1 O-O-O 13. f4 Rhe8 14.
Be3 Qc4 15. a3 Bxc3 16. Qxc3 Qxc3 17. bxc3 Bf5 18. Rf2 b6 19. h3 h5 20. Re1 Rd5
21. Kh2 Ra5 22. Bc1 Rc5 23. Re3 Rd8 24. Rf1 h4 25. Rf2 Rd1 26. Bd2 Rd5 27. Be1
Ra5 28. Rfe2 Rxa3 29. Bxh4 Raa1 30. g4 Bd7 31. f5 a5 32. Be7 c5 33. c4 a4 34.
Bf8 g6 35. e6 Be8 36. fxg6 fxg6 37. Bg7 Rac1 38. Kg3 Kb7 39. Kf4 Kc6 40. Kg5
Rf1 41. Rd3 Rcd1 42. Rxd1 Rxd1 43. Kf6 Rd8 44. Ke7 Ra8 45. Rf2 1-0

[Event "Phillips & Drew GLC Knights"]
[Site "London, County Hall"]
[Date "1982.04.30"]
[Round "15"]
[White "Kopec, Danny"]
[Black "Norris, Alan J"]
[Result "0-1"]
[WhiteElo "2375"]
[BlackElo "2265"]
[PlyCount "100"]
[EventDate "1982.04.15"]
[EventType "tourn"]
[EventRounds "15"]
[EventCountry "ENG"]
[SourceTitle "BritBase"]
[Source "John Saunders"]
[SourceDate "2023.10.13"]
[SourceVersion "1"]
[SourceVersionDate "2023.10.13"]
[SourceQuality "1"]

1. e4 e5 2. Nf3 Nc6 3. Bb5 a6 4. Bxc6 dxc6 5. d4 exd4 6. Qxd4 Qxd4 7. Nxd4 Bd7
8. Nc3 O-O-O 9. O-O Ne7 10. Be3 Ng6 11. f4 f6 12. Rae1 Bb4 13. Nde2 Rhe8 14. a3
Bf8 15. Ng3 c5 16. Nd5 c4 17. f5 Ne5 18. h3 Ba4 19. Rf2 Nf7 20. Nc3 Bc6 21.
Rfe2 Rd7 22. Bf2 g6 23. h4 Bd6 24. fxg6 hxg6 25. Nf1 Be5 26. Nd2 b5 27. Nf3
Bxc3 28. bxc3 Rde7 29. Bd4 Re6 30. Kf1 Nd6 31. e5 Bxf3 32. gxf3 Nf5 33. Kf2
fxe5 34. Bxe5 Nxh4 35. f4 Nf5 36. Rg1 Nd6 37. Kf3 Nf7 38. Rge1 g5 39. Bd4 Rxe2
40. Rxe2 Rxe2 41. Kxe2 gxf4 42. Kf3 Kd7 43. Kxf4 Ke6 44. Bc5 Kd5 45. Bf8 Nd6
46. Ke3 c6 47. Ke2 Nf5 48. Kd2 Ke4 49. Bc5 Kf3 50. Bf8 Kg3 {Time} 0-1

[Event "Phillips & Drew GLC Knights"]
[Site "London, County Hall"]
[Date "1982.04.30"]
[Round "15"]
[White "McNab, Colin Anderson"]
[Black "Fedorowicz, John P"]
[Result "1/2-1/2"]
[WhiteElo "2340"]
[BlackElo "2455"]
[PlyCount "23"]
[EventDate "1982.04.15"]
[EventType "tourn"]
[EventRounds "15"]
[EventCountry "ENG"]
[SourceTitle "BritBase"]
[Source "John Saunders"]
[SourceDate "2023.10.13"]
[SourceVersion "1"]
[SourceVersionDate "2023.10.13"]
[SourceQuality "1"]

1. Nf3 Nf6 2. g3 g6 3. Bg2 Bg7 4. O-O O-O 5. c4 c5 6. Nc3 Nc6 7. e3 e6 8. d4
cxd4 9. Nxd4 Nxd4 10. exd4 d5 11. cxd5 Nxd5 12. Nxd5 1/2-1/2

[Event "Phillips & Drew GLC Knights"]
[Site "London, County Hall"]
[Date "1982.04.30"]
[Round "15"]
[White "Rumens, David E"]
[Black "Hartoch, Robert G"]
[Result "1-0"]
[WhiteElo "2320"]
[BlackElo "2390"]
[PlyCount "75"]
[EventDate "1982.04.15"]
[EventType "tourn"]
[EventRounds "15"]
[EventCountry "ENG"]
[SourceTitle "BritBase"]
[Source "John Saunders"]
[SourceDate "2023.10.13"]
[SourceVersion "1"]
[SourceVersionDate "2023.10.13"]
[SourceQuality "1"]

1. e4 g6 2. Nc3 Bg7 3. f4 c6 4. d3 d5 5. Qe2 dxe4 6. dxe4 Nf6 7. Nf3 O-O 8. Bd2
b5 9. e5 Nd5 10. O-O-O Nxc3 11. Bxc3 Qb6 12. Qe1 a5 13. Qh4 b4 14. Bd4 c5 15.
Be3 Nc6 16. Bc4 Ba6 17. Bd5 e6 18. Ng5 h6 19. Nxe6 fxe6 20. Bxe6+ Kh7 21. Rd7
Ra7 22. f5 g5 23. Qe4 Rxd7 24. f6+ Kh8 25. Bxd7 Bxf6 26. Bxc6 Bg7 27. e6 Bb5
28. e7 Bxc6 29. exf8=Q+ Bxf8 30. Qf5 Qd8 31. Bxc5 Bg7 32. Rd1 Qg8 33. g4 a4 34.
Bxb4 Qa8 35. Bc3 a3 36. Bxg7+ Kxg7 37. Qe5+ Kh7 38. Qe7+ 1-0

[Event "Phillips & Drew GLC Knights"]
[Site "London, County Hall"]
[Date "1982.04.30"]
[Round "15"]
[White "Sowray, Peter John"]
[Black "Britton, Richard L"]
[Result "0-1"]
[WhiteElo "2270"]
[BlackElo "2285"]
[PlyCount "66"]
[EventDate "1982.04.15"]
[EventType "tourn"]
[EventRounds "15"]
[EventCountry "ENG"]
[SourceTitle "BritBase"]
[Source "John Saunders"]
[SourceDate "2023.10.13"]
[SourceVersion "1"]
[SourceVersionDate "2023.10.13"]
[SourceQuality "1"]

1. d4 Nf6 2. c4 e6 3. Nc3 Bb4 4. e3 b6 5. f3 O-O 6. e4 Nh5 7. Be3 f5 8. e5 f4
9. Bf2 Bb7 10. Bd3 Qg5 11. Kf1 Bxc3 12. bxc3 Nc6 13. Qc2 Qh6 14. Nh3 g5 15. Be1
Ne7 16. Nf2 Nf5 17. Bd2 Qg7 18. Ng4 d6 19. Re1 d5 20. Kf2 c5 21. dxc5 Qc7 22.
cxb6 Qxb6+ 23. Ke2 dxc4 24. Bxf5 exf5 25. Rb1 Qc6 26. Nf2 Rae8 27. Rhe1 g4 28.
fxg4 fxg4 29. Rg1 f3+ 30. Kd1 fxg2 31. Be3 Qf3+ 32. Qe2 Rxe5 33. Rxb7 Rd8+ 0-1